Yüklüyor......
Roughing it
| Yazar: | |
|---|---|
| Materyal Türü: | Printed Book |
| Dil: | English |
| Baskı/Yayın Bilgisi: |
New York :
holt, rinehard and winston ,
c1953.
|
| LEADER | 00447nam a22001337a 4500 | ||
|---|---|---|---|
| 008 | 170323b xxu||||| |||| 00| 0 eng d | ||
| 020 | |a 0030093104 | ||
| 100 | |a Twain, Mark | ||
| 245 | |a Roughing it | ||
| 260 | |a New York : |b holt, rinehard and winston , |c c1953. | ||
| 300 | |b 333p. | ||
| 942 | |c BK | ||
| 999 | |c 197083 |d 197083 | ||
| 952 | |0 0 |1 0 |4 0 |6 813_400000000000000_TWA_R |7 0 |9 217870 |a ENG |b ENG |c ST1 |d 2017-03-23 |i 9331 |l 0 |o 813.4 TWA/R |p ENG9331 |r 2017-03-23 |w 2018-08-21 |y BK | ||